| LEADER | 01275nam a2200229 4500 | ||
|---|---|---|---|
| 082 | |a 807.6 |b H428đ. | ||
| 100 | |a Lê Huy Bắc | ||
| 245 | |a Hỏi - đáp kiến thức ngữ văn 12 |c Lê Huy Bắc, Đỗ Việt Hùng, Đào Thị Thu Hằng,... | ||
| 260 | |a H. |b Giáo dục |c 2008 | ||
| 300 | |a 240 tr. |c 24 cm | ||
| 520 | |a v.v... | ||
| 653 | |a Văn học | ||
| 653 | |a Ngữ văn | ||
| 653 | |a lớp 12 | ||
| 653 | |a hỏi đáp | ||
| 942 | |2 ddc |c STK0 | ||
| 999 | |c 9870 |d 9870 | ||
| 952 | |0 0 |1 0 |2 ddc |4 0 |6 807_600000000000000_H428Đ |7 0 |8 800 |9 77674 |a qbu |b qbu |c D5 |d 2015-06-11 |g 34500 |o 807.6 H428đ. |p 9343.c1 |r 0000-00-00 |w 2015-06-11 |y STK0 | ||
| 952 | |0 0 |1 0 |2 ddc |4 0 |6 807_600000000000000_H428Đ |7 0 |8 800 |9 77675 |a qbu |b qbu |c D5 |d 2015-06-11 |g 34500 |o 807.6 H428đ. |p 9343.c2 |r 0000-00-00 |w 2015-06-11 |y STK0 | ||
| 952 | |0 0 |1 0 |2 ddc |4 0 |6 807_600000000000000_H428Đ |7 0 |8 800 |9 77676 |a qbu |b qbu |c D5 |d 2015-06-11 |g 34500 |o 807.6 H428đ. |p 9343.c3 |r 0000-00-00 |w 2015-06-11 |y STK0 | ||
| 952 | |0 0 |1 0 |2 ddc |4 0 |6 807_600000000000000_H428Đ |7 0 |8 800 |9 77677 |a qbu |b qbu |c D5 |d 2015-06-11 |g 34500 |o 807.6 H428đ. |p 9343.c4 |r 0000-00-00 |w 2015-06-11 |y STK0 | ||
| 952 | |0 0 |1 0 |2 ddc |4 0 |6 807_600000000000000_H428Đ |7 0 |8 800 |9 77678 |a qbu |b qbu |c D5 |d 2015-06-11 |g 34500 |l 1 |m 1 |o 807.6 H428đ. |p 9343.c5 |r 2018-02-09 |s 2018-01-24 |w 2015-06-11 |y STK0 | ||